Welcome to CU Library Online Public Access Catalogue (OPAC)

Textbook of Pharmaceutical Organic Chemistry/ (Record no. 7748)

MARC details
000 -LEADER
fixed length control field 00500nam a22001697a 4500
005 - DATE AND TIME OF LATEST TRANSACTION
control field 20250926110646.0
008 - FIXED-LENGTH DATA ELEMENTS--GENERAL INFORMATION
fixed length control field 250926b |||||||| |||| 00| 0 eng d
020 ## - INTERNATIONAL STANDARD BOOK NUMBER
International Standard Book Number 9788123906805
050 ## - LIBRARY OF CONGRESS CALL NUMBER
Classification number RS403 BHA
100 ## - MAIN ENTRY--PERSONAL NAME
Personal name Bhandari, Anil
245 ## - TITLE STATEMENT
Title Textbook of Pharmaceutical Organic Chemistry/
Statement of responsibility, etc. Anil Bhandari & G. K. Singh
260 ## - PUBLICATION, DISTRIBUTION, ETC.
Place of publication, distribution, etc. New Delhi
Name of publisher, distributor, etc. CBS Publishers & Distributors
Date of publication, distribution, etc. 2006
300 ## - PHYSICAL DESCRIPTION
Extent v. 171p.
Other physical details ill.
Dimensions 24cm
500 ## - GENERAL NOTE
General note includes index
700 ## - ADDED ENTRY--PERSONAL NAME
Personal name Singh, G. K.
942 ## - ADDED ENTRY ELEMENTS (KOHA)
Source of classification or shelving scheme Library of Congress Classification
Koha item type Books
Suppress in OPAC No
999 ## -
-- 7748
-- 7748
Holdings
Withdrawn status Lost status Source of classification or shelving scheme Damaged status Not for loan Collection Home library Current library Shelving location Date acquired Total checkouts Full call number Barcode Date last seen Copy number Price effective from Koha item type
    Library of Congress Classification     Non-fiction Science Library (Miotso) Science Library (Miotso) General stacks 09/26/2025   RS403 BHA SLM00004459 09/26/2025 1 09/26/2025 Books
    Library of Congress Classification     Non-fiction Science Library (Miotso) Science Library (Miotso) General stacks 09/26/2025   RS403 BHA SLM00004460 09/26/2025 2 09/26/2025 Books
    Library of Congress Classification     Non-fiction Science Library (Miotso) Science Library (Miotso) General stacks 09/26/2025   RS403 BHA SLM00004461 09/26/2025 3 09/26/2025 Books
    Library of Congress Classification     Non-fiction Science Library (Miotso) Science Library (Miotso) General stacks 09/26/2025   RS403 BHA SLM00004462 09/26/2025 4 09/26/2025 Books
    Library of Congress Classification     Non-fiction Science Library (Miotso) Science Library (Miotso) General stacks 09/26/2025   RS403 BHA SLM00004463 09/26/2025 5 09/26/2025 Books
© 2023-2024 Copyright: Central University Libraries. All Rights Reserved | Created by: Mahone Tech Office